[Event "MPL National Senior Chess-ch 2022"]
[Site "Kanpur"]
[Date "2022.02.25"]
[Round "2.5"]
[White "Sangma, Rahul"]
[Black "Sethuraman, S.P."]
[Result "0-1"]
[WhiteElo "2286"]
[BlackElo "2619"]
[Annotator "TA"]
[PlyCount "66"]
[EventDate "2022.02.25"]
[EventCountry "IND"]
[SourceTitle "playchess.com"]
[Source "ChessBase"]
[SourceQuality "1"]

{[%evp 9,66,7,7,2,8,0,13,0,0,-11,0,4,0,0,48,-22,-20,-19,-8,-15,-14,-18,0,0,0,28,38,-9,0,-16,-22,-8,-11,-125,-116,-97,-52,-67,-68,-84,-57,-268,-65,-152,-169,-151,-161,-372,-361,-666,-629,-681,-654,-29979,-29975,-29968,-29973,-29981,-29980]} 1. Nf3 d5 2. e3 Nf6 3. c4 e6 4. b3 b6 5. Bb2 Bb7 6. Nc3 {A13: English Opening: 1...e6.} Nbd7 7. d4 Bd6 8. cxd5 {The position is equal.} exd5 9. Qc2 a6 10. g3 Qe7 11. Bg2 {[#]} O-O-O $146 (11... Ne4 $11 {should be considered.}) ({Predecessor:} 11... O-O 12. O-O Rfe8 13. Ne2 Rac8 14. Rad1 Ne4 15. Qb1 g5 16. Nc1 h5 17. Nd3 f6 {1-0 (44) Petrosyan,M (2581)-Haldorsen,B (2461) Manavgat 2018}) 12. O-O-O (12. a4 $14) 12... Kb8 $11 13. Kb1 $1 Rhe8 14. Rc1 $1 Ne4 15. Ne1 c5 16. Nd3 $1 g5 17. dxc5 bxc5 18. h4 (18. Rhd1 $14 {is superior.}) 18... h6 $1 19. hxg5 hxg5 20. Rcd1 f5 {[%cal Bf7f5,Bf5g4,Bg4g3][%mdl 32]} 21. g4 (21. Rh6 $11) 21... d4 $17 {Black is more active.} (21... fxg4 $6 22. Rh6 $15) 22. Na4 (22. Nxe4 fxe4 23. Nc1 d3 $19) 22... dxe3 ({Better is} 22... Ne5 $1 $17 {[%cal Re5d3] Hoping for ...Nxd3.} 23. Nxe5 (23. exd4 cxd4 24. Bxd4 Nxd3 $17) (23. gxf5 Nxd3 24. Rxd3 Nc3+ 25. Bxc3 Bxg2 $17) 23... Bxe5) 23. fxe3 $15 fxg4 24. Rh6 {[#]} g3 $1 25. Bh3 $2 {[#]} ({White should play} 25. a3 $1 $15) 25... Nf8 $2 ({Black should try} 25... Ndf6 $1 $19 {[%cal Rf6d5] Strongly threatening ...Nd5.} 26. Qe2 Rh8 27. Rxh8 Rxh8) 26. Rg1 (26. Bg2 $15) 26... g4 $36 {[%mdl 2048] White is under strong pressure.} 27. Bg2 Qg5 28. Rxd6 (28. Rgh1) 28... Rxd6 $19 29. Naxc5 $2 (29. Bc1) 29... Nxc5 30. Nxc5 {[#]} Qxe3 $1 31. Bxb7 {And now Rc1 would win.} (31. Rc1 Bxg2) 31... Qxg1+ {Black mates.} 32. Bc1 Rd1 33. Nxa6+ Ka7 {Weighted Error Value: White=0.58/Black=0.13 (very precise)} 0-1

[Event "MPL National Senior Chess-ch 2022"]
[Site "Kanpur"]
[Date "2022.02.25"]
[Round "2.6"]
[White "Puranik, Abhimanyu"]
[Black "Jeet, Jain"]
[Result "1/2-1/2"]
[WhiteElo "2618"]
[BlackElo "2279"]
[Annotator "TA"]
[PlyCount "119"]
[EventDate "2022.02.25"]
[EventCountry "IND"]
[SourceTitle "playchess.com"]
[Source "ChessBase"]
[SourceQuality "1"]

{[%evp 17,119,10,10,17,10,0,0,0,0,0,0,0,0,5,39,30,30,4,31,33,33,33,36,0,36,0,0,0,0,0,0,0,0,0,0,0,0,0,0,0,0,0,0,0,0,0,10,0,0,0,0,0,56,47,45,37,37,37,37,37,37,37,37,37,37,37,37,12,12,12,12,12,16,16,16,16,18,8,8,8,8,8,8,8,8,8,8,8,8,8,8,8,8,8,8,8,8,8,8,8,8,8,8,8]} 1. Nf3 d5 2. g3 c5 3. Bg2 Nc6 4. d4 Nf6 5. O-O e6 6. c4 dxc4 7. Ne5 Bd7 8. Na3 {[%cal Bb1a3,Ba3c4,Bc4e5][%mdl 32]} cxd4 9. Naxc4 Be7 $1 {[%mdl 4] outshines the older 9...Bc5.} 10. Bf4 {E04: Open Catalan: 5 Nf3.} Rc8 11. Qb3 Nd5 12. Qxb7 Nxe5 13. Nxe5 {[#] Strongly threatening Rfc1.} Nxf4 14. gxf4 Rc7 15. Qe4 {[#]} f6 $146 (15... O-O {looks sharper.} 16. Rfc1 Bb5 17. Rxc7 Qxc7 18. a4 Ba6) ({Predecessor:} 15... Bc5 16. Rac1 Bb6 17. Nxd7 Rxd7 18. f5 O-O 19. fxe6 fxe6 20. Qxe6+ Kh8 21. Kh1 Rd6 22. Qe4 Rdf6 23. Rc6 Rxf2 24. Rxf2 Rxf2 25. Bh3 Rf8 26. Rc8 {½-½ (26) Sebenik,M (2504)-Drozdovskij,Y (2627) Rijeka 2010}) 16. Nxd7 Qxd7 17. Rac1 Rxc1 18. Rxc1 {[#] Threatens to win with Qa8+.} O-O {[%cal Bh8f8,Bf8c8,Bc8c1][%mdl 32]} 19. Rc6 Rc8 20. Rxe6 Rc1+ $1 21. Bf1 Kf7 22. f5 g6 $1 23. fxg6+ hxg6 24. Ra6 Qh3 {[%csl Gh3][%cal Rc1f1]} 25. Qd5+ Kg7 {[%csl Gh3][%cal Rc1f1]} 26. Qg2 Qh5 {Hoping for ...Qxe2.} 27. Re6 Kf7 28. Re4 f5 29. Rxd4 Qxe2 30. h4 Qe5 31. Rd7 a5 32. b3 Qe2 33. Rc7 Re1 34. Rc6 Qg4 (34... Qh5 $11) 35. Qxg4 $14 fxg4 {[%mdl 4096] Endgame KRB-KRB} 36. Rc4 Bxh4 37. Rxg4 Be7 38. Kg2 Ra1 39. Bc4+ Kf6 40. Re4 {[%cal Bg4e4,Be4e6,Be6c6,Bc6c8][%mdl 32] aiming for Re6+.} Bb4 41. Re6+ Kf5 42. Rc6 Rxa2 {The position is equal.} 43. Bd3+ Ke5 44. Bxg6 Be1 45. Bc2 Kd5 46. Rc8 Bb4 47. Bh7 Bc5 48. Bg8+ Kd6 49. Rf8 Rxf2+ 50. Rxf2 Bxf2 51. Kxf2 $11 {White threatens Ke3 and mate. KB-KP} Kc5 $1 52. Bh7 {Intending Ke3 and mate.} Kb4 53. Bc2 $1 {White wants to mate with Ke3.} Kc3 54. Bd1 Kd2 55. Bh5 {Be8 would kill now.} Kc2 56. Bf7 Kc3 57. Ke3 Kb4 58. Kd3 a4 59. bxa4 Kxa4 60. Kc2 {Weighted Error Value: White=0.03 (flawless) /Black=0.04 (flawless)} 1/2-1/2

[Event "MPL National Senior Chess-ch 2022"]
[Site "Kanpur"]
[Date "2022.02.25"]
[Round "2.7"]
[White "Ayushh Ravikumar"]
[Black "Gukesh D"]
[Result "0-1"]
[WhiteElo "2269"]
[BlackElo "2614"]
[Annotator "TA"]
[PlyCount "94"]
[EventDate "2022.02.25"]
[EventCountry "IND"]
[SourceTitle "playchess.com"]
[Source "ChessBase"]
[SourceQuality "1"]

{[%evp 11,94,23,33,27,16,24,38,24,36,38,34,0,0,0,0,-17,-29,-58,-22,-15,-20,-18,-20,-12,-15,-11,-15,-15,0,-15,-15,-15,-15,-60,-21,-25,-16,-18,-20,-23,-26,-44,-33,-85,-70,-110,-45,-40,-36,-187,-181,-182,-203,-200,-198,-150,-150,-1147,-1287,-1265,-1247,-1266,-1346,-1124,-1118,-1230,-1307,-1144,-1064,-1285,-1242,-12837,-12839,-12842,-12842,-12844,-12844,-12847,-12847,-12848,-12847,-12850,-27999,-27999,-27999]} 1. d4 Nf6 2. c4 e6 3. Nf3 d5 4. Nc3 Bb4 5. Bg5 Nbd7 6. e3 O-O 7. Rc1 {D38: Queen's Gambit Declined: Ragozin Defence (4 Nf3 Bb4).} h6 8. Bh4 c5 9. cxd5 {White is slightly better.} exd5 10. dxc5 Qa5 11. Bxf6 (11. Nd2 $5 {[%cal Ra2a3]}) 11... Nxf6 {[#]} 12. Bd3 $146 ({Predecessor:} 12. Qb3 Be6 13. Nd4 Ne4 14. c6 Bxc3+ 15. bxc3 bxc6 16. f3 Nc5 17. Qb4 Qb6 18. a4 {½-½ (46) Malmstroem,J-Vetter,U TSC corr 2002}) 12... Bxc3+ 13. bxc3 Qxa2 14. Nd4 Bd7 15. O-O Qa5 16. Nb3 Qc7 17. c4 $1 Ng4 {[%csl Gg4][%cal Rc7h2] [#]} 18. g3 dxc4 19. Bxc4 Ne5 20. Nd4 Nxc4 21. Rxc4 a5 22. Qc2 (22. Qd3 $11) 22... Rfc8 (22... b5 $5 {[%cal Rb5c4]} 23. cxb6 Qxb6 $15) 23. Rc1 Ra6 24. Qb3 a4 25. Qa3 Qe5 26. Rb1 Qd5 27. Rbc1 (27. Rc3 $1 $15) 27... Rf6 (27... Bh3 $6 28. f3 $11) 28. Qb2 {[#]} Re8 (28... Bh3 29. f3) ({Black should play} 28... b5 $1 $17 {[%cal Rb5c4]} 29. R4c2 Qe4) 29. R4c3 $15 h5 $40 {[%cal Oh5h4][%mdl 128] Black attacks.} 30. c6 $2 (30. h4 $1 $15) 30... Bxc6 $19 (30... bxc6 31. Rc5 Qe4 32. Qc2 $15) ({Weaker is} 30... Bh3 31. f3 bxc6 32. Rc5 $15) 31. Nxc6 Rxc6 ({Not} 31... bxc6 32. Rc4 $15) 32. Rxc6 bxc6 {[%mdl 4096] Endgame KQR-KQR} 33. Qb7 (33. Qa3 $19 Ra8 34. h4) 33... a3 $17 {[%cal Ba4a3,Ba3a2][%mdl 32] And now ...Rd8 would win.} 34. Qxc6 $2 {This move loses the game for White.} (34. Qa6 $17) 34... Qxc6 $19 35. Rxc6 $17 {KR-KR} Ra8 {White must now prevent ...a2.} ({Less strong is} 35... a2 36. Ra6 $16) 36. Rc1 a2 37. Ra1 f5 38. Kf1 Kf7 39. Ke2 Ke6 40. f3 Kd5 41. h3 Kc4 42. g4 hxg4 43. hxg4 fxg4 44. fxg4 Kc3 45. e4 Ra3 46. Rxa2 Rxa2+ 47. Ke3 Ra5 {Weighted Error Value: White=0.58/Black=0.05 (flawless)} 0-1

[Event "MPL National Senior Chess-ch 2022"]
[Site "Kanpur"]
[Date "2022.02.25"]
[Round "2.8"]
[White "Aravindh, Chithambaram VR."]
[Black "Aaryan Varshney"]
[Result "1-0"]
[WhiteElo "2611"]
[BlackElo "2277"]
[Annotator "TA"]
[PlyCount "117"]
[EventDate "2022.02.25"]
[EventCountry "IND"]
[SourceTitle "playchess.com"]
[Source "ChessBase"]
[SourceQuality "1"]

{[%evp 21,117,35,39,8,37,27,18,27,61,55,65,87,85,86,76,79,81,91,79,83,89,85,158,166,144,83,88,74,87,58,86,79,132,124,147,149,158,155,171,171,171,171,162,156,338,210,250,164,161,0,236,128,126,127,131,106,124,98,310,318,351,332,675,664,668,662,652,648,695,689,643,618,714,710,910,689,910,937,1001,983,1347,1182,2565,5106,1462,1212,29989,29990,29990,29991,29991,29991,29989,29988,29993,29994,29998,29999]} 1. d4 Nf6 2. c4 e6 3. Nc3 d5 4. cxd5 exd5 5. Bg5 Be7 6. e3 c6 7. Bd3 Nbd7 8. h3 O-O 9. Qc2 Re8 10. Nf3 h6 11. Bf4 Nf8 12. O-O-O {D36: Queen's Gambit Declined: Exchange Variation: Main line (5 Bg5 c6 6 Qc2).} Ne6 13. Be5 b5 14. Kb1 {The position is equal.} a5 15. g4 Ba6 16. Bxf6 Bxf6 17. h4 $1 {[%cal Og4g5]} b4 18. Na4 {And now Bxa6 would win.} Bxd3 19. Qxd3 g6 20. Rc1 Qd6 {[#]} 21. Nd2 $146 ({Predecessor:} 21. Rc2 Ra7 22. Rhc1 Rc8 23. h5 Kg7 24. hxg6 fxg6 25. Nd2 Rac7 26. Qa6 Qh2 27. Nb3 {1-0 (49) Roubalik,J (2307)-Uricar,J (2212) Czech Republic 2012}) 21... Nc7 (21... Nd8 $142) 22. Qc2 $16 Ra6 23. Nb3 ({White should play} 23. g5 hxg5 24. h5) 23... Nb5 24. h5 g5 25. Rhd1 Qe7 26. Qd3 Kg7 (26... Bg7 $142) 27. Rc2 Qd6 28. Rdc1 Rc8 29. Nd2 {[%cal Bb3d2,Bd2f1,Bf1g3,Bg3f5][%mdl 32]} Kg8 30. Nf1 Bg7 {[#]} 31. Ng3 $1 Bf8 32. Nf5 Qf6 (32... Qe6 $16 33. f3 Re8) 33. f3 {[%cal Od3b5]} Rd8 34. Qf1 Re8 35. Qd3 (35. Qe2 $142) 35... Rd8 $1 $18 36. Qb3 ({Better is} 36. Nc5 $18 Rb6 37. Na4 Ra6) 36... Re8 {[#]} 37. Nc5 $1 $36 {[%mdl 2048] White is in control. Pair of Knights!} Ra7 38. Qa4 {[%cal Oc5d7] aiming for Nd7!} Rc8 39. Nd3 {[%cal Oa4b5] Hoping for Qxb5!} Rb7 (39... Rac7 $16 {was called for.}) 40. Qxa5 b3 41. axb3 Rcc7 $2 (41... Rbc7 42. Qa6 Qe6) 42. Qa8 Ra7 {[#]} 43. Rxc6 $1 {[%mdl 512]} Rxa8 44. Rxf6 {Active counter play!} Rca7 45. Rb6 Nc7 46. Kc2 Ne6 47. b4 Ra1 48. Nc5 Rxc1+ 49. Kxc1 Ra1+ 50. Kc2 Rf1 51. Rb8 Rxf3 52. Nd7 {b5 would kill now.} Rf2+ 53. Kb3 {Intending b5 and mate.} Rg2 54. b5 {White mates.} Rg1 55. b6 Rc1 56. b7 Rc7 57. Nxf8 Nxf8 {[#]} 58. Rxf8+ $1 Kxf8 (58... Kh7 59. Rh8+) 59. b8=Q+ {Weighted Error Value: White=0.20 (precise) /Black=0.34} 1-0

[Event "MPL National Senior Chess-ch 2022"]
[Site "Kanpur"]
[Date "2022.02.25"]
[Round "2.9"]
[White "Mohamed Anees M"]
[Black "Aryan Chopra"]
[Result "0-1"]
[WhiteElo "2238"]
[BlackElo "2585"]
[Annotator "TA"]
[PlyCount "90"]
[EventDate "2022.02.25"]
[EventCountry "IND"]
[SourceTitle "playchess.com"]
[Source "ChessBase"]
[SourceQuality "1"]

{[%evp 25,90,0,0,0,0,0,-3,-16,-15,-85,-108,-93,-81,-69,-87,-83,-77,-78,-77,-74,-64,-77,-84,-149,-148,-137,-77,-140,-22,-184,-196,-172,-42,-49,-61,-53,-30,-18,12,14,110,103,920,900,879,192,192,114,122,0,56,47,306,306,312,312,312,-8,-22,-1681,-1663,-1558,-1591,-1185,-1184,-1109,-1094]} 1. d4 Nf6 2. c4 g6 3. Nc3 Bg7 4. Nf3 O-O 5. g3 d6 6. Bg2 c5 7. d5 e6 8. O-O exd5 9. cxd5 Re8 10. Nd2 a6 11. a4 Nbd7 12. h3 Rb8 13. Nc4 Ne5 14. Nxe5 {A64: Modern Benoni: Fianchetto Variation: 9...Nbd7 10 Nd2 a6 11 a4 Re8.} Rxe5 15. e4 b5 16. axb5 {The position is equal.} axb5 {next ...b4 is good for Black.} 17. f4 (17. Qd3 $11 {keeps the balance.}) 17... Re8 $17 18. e5 dxe5 19. fxe5 Rxe5 20. Bf4 Nh5 $1 21. Bxe5 Bxe5 22. Qf3 f5 23. Ne2 $1 {[%cal Od5d6] [#]} Bxb2 $146 {A strong pair of Bishops.} ({Predecessor:} 23... Qd6 24. Ra5 b4 25. Rc1 Ba6 26. Rxa6 Qxa6 27. b3 Qd6 28. g4 fxg4 29. Qxg4 Re8 {0-1 (39) Bazeev,G (2339)-Levin,E (2508) St Petersburg 2013}) 24. Ra7 (24. d6 $142 Bxa1 25. Qd5+ Kg7 26. Rxa1) 24... Qb6 25. Re7 c4+ (25... Qd6 $142 26. Qe3 Bd7) 26. Kh1 (26. Qf2 $142 Qxf2+ 27. Kxf2) 26... Bf6 (26... Qd6 $17 27. Re8+ Kf7) 27. Re8+ (27. d6 $1 $11 Bxe7 28. Qd5+ Kg7 29. dxe7) 27... Kf7 $19 28. Re3 Qd6 (28... Ng7 $19 {...b4 is the strong threat.} 29. Nf4 Kg8) 29. g4 $15 Ng7 {Threatens to win with ...b4. Active counter play!} 30. Ng3 $1 b4 {White must now prevent ...b3.} 31. gxf5 gxf5 {Strongly threatening ...b3.} (31... Bxf5 $5 {[%cal Rb4b3]} 32. h4 Kg8 $11) 32. Nh5 Bd4 (32... b3 $1 $11) 33. Re4 $1 $16 Qg6 $2 {[%mdl 8192]} 34. Nxg7 $18 (34. Rxd4 Nxh5 35. Rb1 c3 $18) 34... Bxg7 35. Rxc4 $2 (35. Qf4 Qb6 36. Rxc4) 35... Be5 36. Rg4 ({White should try} 36. Re1 $1 $18 {[%cal Re1e5]} Bd6 37. Rec1) 36... Qf6 $16 {[#]} 37. Rc4 (37. d6 $1 $16 {Hoping for Qb3+.} Be6 38. Qc6) 37... b3 ({Black should play} 37... Qg6 $11) 38. Rc6 $14 ({Of course not} 38. Rxc8 Rxc8 39. Qxb3 (39. Qxf5 $2 Qxf5 40. Rxf5+ Bf6 $19) (39. Qh5+ $2 Qg6 $19) 39... Kg7 $11) 38... Bd6 $2 {[%mdl 8192]} ({Better is} 38... Qg5 $14) 39. Qh5+ $18 ({But not} 39. Rxc8 $2 Rxc8 40. Qxf5 Qxf5 41. Rxf5+ Ke7 $19) 39... Kg7 {And now ...b2 would win.} 40. Rg1 $1 {Threatening mate with Bf3+.} Bd7 {[#]} 41. Bf3+ $2 (41. Bf1+ $1 $18 Kh8 {[#]} 42. Rxd6 $1 {[%mdl 512]} Qxd6 43. Qf7) 41... Kh8 $11 {Really sharp!} 42. Rcc1 {[%mdl 8192]} (42. Rxd6 $11 Qxd6 43. Qh4) 42... Qb2 $19 {[%csl Gd6][%cal Rb2h2] Black is clearly winning.} 43. Be2 Qe5 {[%csl Gd6][%cal Re5h2]} 44. Rg2 {Prevents Qh2+.} b2 45. Rb1 Qe4 {Never resign too early!  Weighted Error Value: White=0.67/Black=0.42} 0-1

[Event "MPL National Senior Chess-ch 2022"]
[Site "Kanpur"]
[Date "2022.02.25"]
[Round "2.10"]
[White "Lalith Babu M R"]
[Black "Bharat Kumar Reddy Poluri"]
[Result "1-0"]
[WhiteElo "2563"]
[BlackElo "2263"]
[Annotator "ChessBase"]
[PlyCount "129"]
[EventDate "2022.02.25"]
[EventCountry "IND"]
[SourceTitle "playchess.com"]
[Source "ChessBase"]
[SourceQuality "1"]
[TimeControl "5400+30"]

1. d4 {[%emt 1:31:00]} e6 {[%emt 1:31:00]} 2. c4 {[%emt 0:00:30]} Nf6 {[%emt 0:00:30]} 3. Nf3 {[%emt 0:00:30]} d5 {[%emt 0:00:30]} 4. g3 {[%emt 0:00:30]} Be7 {[%emt 0:00:30]} 5. Bg2 {[%emt 0:00:30]} O-O {[%emt 0:00:30]} 6. O-O {[%emt 0:00:30]} dxc4 {[%emt 0:00:30]} 7. Qc2 {[%emt 0:00:30]} a6 {[%emt 0:00:30]} 8. a4 {[%emt 0:00:30]} Bd7 {[%emt 0:00:30]} 9. Qxc4 {[%emt 0:00:30]} Bc6 {[%emt 0:00:30]} 10. Bg5 {[%emt 0:00:30]} Nbd7 {[%emt 0:00:30]} 11. Nc3 {[%emt 0:00:30]} h6 {[%emt 0:00:30]} 12. Bxf6 {[%emt 0:00:30]} Nxf6 {[%emt 0:00:30]} 13. a5 {[%emt 0:00:30]} Bd5 {[%emt 0:00:30]} 14. Qd3 {[%emt 0:00:30]} Bxf3 {[%emt 0:00:30]} 15. Bxf3 {[%emt 0:00:30]} c6 {[%emt 0:00:30]} 16. Qc4 {[%emt 0:00:30]} Qd6 {[%emt 0:00:30]} 17. e3 {[%emt 0:00:30]} e5 {[%emt 0:00:30]} 18. d5 {[%emt 0:00:30]} cxd5 {[%emt 0:00:30]} 19. Nxd5 {[%emt 0:00:30]} Nxd5 {[%emt 0:00:30]} 20. Bxd5 {[%emt 0:00:30]} Rab8 {[%emt 0:00:30]} 21. Rfd1 {[%emt 0:00:30]} b5 {[%emt 0:00:30]} 22. axb6 {[%emt 0:00:30]} Qxb6 {[%emt 0:00:30]} 23. Rxa6 {[%emt 0:00:30]} Qxb2 {[%emt 0:00:30]} 24. Ra7 {[%emt 0:00:30]} Qb4 {[%emt 0:00:30]} 25. Qc7 {[%emt 0:00:30]} Bc5 {[%emt 0:00:30]} 26. Bxf7+ {[%emt 0:00:30]} Kh8 {[%emt 0:00:30]} 27. Ra6 {[%emt 0:00:30]} Rb6 {[%emt 0:00:30]} 28. Rxb6 {[%emt 0:00:30]} Qxb6 {[%emt 0:00:30]} 29. Qxb6 {[%emt 0:00:30]} Bxb6 {[%emt 0:00:30]} 30. Rd7 {[%emt 0:00:30]} Bd8 {[%emt 0:00:30]} 31. h4 {[%emt 0:00:30]} g5 {[%emt 0:00:30]} 32. h5 {[%emt 0:00:30]} Bf6 {[%emt 0:00:30]} 33. Kf1 {[%emt 0:00:30]} Rd8 {[%emt 0:00:30]} 34. Rb7 {[%emt 0:00:30]} Rd2 {[%emt 0:00:30]} 35. Ke1 {[%emt 0:00:30]} Rc2 {[%emt 0:00:30]} 36. Bg6 {[%emt 0:00:30]} Ra2 {[%emt 0:00:30]} 37. Bb1 {[%emt 0:00:30]} Ra1 {[%emt 0:00:30]} 38. Ke2 {[%emt 0:00:30]} Kg8 {[%emt 0:00:30]} 39. Kf3 {[%emt 0:00:30]} Ra4 {[%emt 0:00:30]} 40. Bc2 {[%emt 0:00:30]} Ra8 {[%emt 0:00:30]} 41. Bb3+ {[%emt 0:00:30]} Kh8 {[%emt 0:00:30]} 42. Ke4 {[%emt 0:00:30]} Rf8 {[%emt 0:00:30]} 43. Bf7 {[%emt 0:00:30]} Kg7 {[%emt 0:00:30]} 44. Bd5+ Kh8 {[%emt 0:00:30]} 45. g4 {[%emt 0:01:00]} Bg7 {[%emt 0:00:30]} 46. Bf7 {[%emt 0:00:30]} Kh7 {[%emt 0:00:30]} 47. Kf5 {[%emt 0:00:30]} Rd8 {[%emt 0:00:30]} 48. Ke6 {[%emt 0:00:30]} Rf8 {[%emt 0:00:30]} 49. Ke7 {[%emt 0:00:30]} Kh8 {[%emt 0:00:30]} 50. Be6 {[%emt 0:00:30]} Kh7 {[%emt 0:00:30]} 51. Ra7 {[%emt 0:00:30]} Kh8 {[%emt 0:00:30]} 52. Bd5 {[%emt 0:00:30]} Kh7 {[%emt 0:00:30]} 53. Ra8 {[%emt 0:00:30]} Rxa8 {[%emt 0:00:30]} 54. Bxa8 {[%emt 0:00:30]} Kg8 {[%emt 0:00:30]} 55. Bd5+ {[%emt 0:00:30]} Kh8 {[%emt 0:00:30]} 56. Kf7 {[%emt 0:00:30]} Kh7 {[%emt 0:00:30]} 57. Be4+ {[%emt 0:00:30]} Kh8 58. Bc2 {[%emt 0:00:30]} e4 {[%emt 0:01:00]} 59. Bxe4 {[%emt 0:00:30]} Bc3 {[%emt 0:00:30]} 60. Bf5 {[%emt 0:00:30]} Be1 {[%emt 0:00:30]} 61. e4 {[%emt 0:00:30]} Bc3 {[%emt 0:00:30]} 62. Kg6 {[%emt 0:00:30]} Bg7 {[%emt 0:00:30]} 63. Be6 {[%emt 0:00:30]} Bf8 {[%emt 0:00:30]} 64. Bc4 {[%emt 0:00:30]} Bg7 {[%emt 0:00:30]} 65. f3 {[%emt 0:00:30]} 1-0

[Event "MPL National Senior Chess-ch 2022"]
[Site "Kanpur"]
[Date "2022.02.25"]
[Round "2.11"]
[White "Sengupta, Deep"]
[Black "Anadkat Kartavya"]
[Result "1/2-1/2"]
[WhiteElo "2528"]
[BlackElo "2241"]
[Annotator "TA"]
[PlyCount "103"]
[EventDate "2022.02.25"]
[EventCountry "IND"]
[SourceTitle "playchess.com"]
[Source "ChessBase"]
[SourceQuality "1"]

{[%evp 18,103,45,37,50,8,37,21,37,-8,20,0,0,-11,-11,-16,8,0,4,0,10,11,17,11,27,0,33,0,0,0,4,0,0,0,29,0,21,0,42,1,9,0,4,0,4,0,0,0,8,9,46,10,12,1,14,0,0,0,95,0,0,0,0,0,0,0,0,0,0,0,0,0,0,0,0,0,0,0,0,0,0,0,0,0,0,0,0,0]} 1. d4 Nf6 2. Nf3 e6 3. Bf4 d6 4. c4 b6 5. Nc3 Bb7 6. e3 Nbd7 7. h3 g6 8. Be2 Bg7 9. Qc2 O-O 10. O-O Qe7 {E61: King's Indian: Early deviations for White, including Smyslov System.} 11. Bh2 (11. Rad1 $14) 11... e5 12. Rfd1 Rfe8 {[#]} 13. Nb5 $146 (13. dxe5 $14 Nxe5 14. Nxe5 dxe5 15. Bg3) ({Predecessor:} 13. Rac1 exd4 14. Nxd4 Nc5 15. Bf1 Nce4 16. Nxe4 Nxe4 17. Nb5 a6 18. Nd4 h5 19. Re1 {1-0 (87) Pham,L (2319)-Mikhalevski,V (2536) Berlin 2015}) 13... Rec8 14. Rac1 Ne4 15. dxe5 dxe5 16. Nd2 Nxd2 17. Rxd2 Nc5 18. Nc3 c6 19. Rcd1 {[#] Hoping for b4.} Rd8 20. a3 Ne6 21. Qa4 a6 22. Bf3 (22. Ne4 $5 {[%cal Ra4b3]}) 22... Rxd2 23. Rxd2 Rd8 24. Rxd8+ Qxd8 25. Qc2 {Inhibits Qd2.} f6 26. b4 Bf8 (26... Ng5 $5 {[%cal Rg5f3]}) 27. h4 Qd7 (27... a5 $11) 28. Bg3 (28. g4 $14 {deserves consideration.}) 28... a5 $11 29. Qb3 axb4 30. axb4 Kg7 31. Ne4 Be7 32. h5 b5 33. c5 Nc7 34. hxg6 (34. Ng5 {is interesting.} Bd8 35. Bg4 Qd5 36. Qxd5 cxd5 37. Ne6+) 34... hxg6 35. Qa3 Nd5 36. Nd2 Bc8 37. Qb2 Qc7 (37... Bd8 $11) 38. Ne4 (38. Bxd5 $16 cxd5 39. f4) 38... Be6 {The position is equal.} 39. Qa3 Qd7 40. Nc3 Nxc3 41. Qxc3 Bg4 42. Qc2 Bxf3 43. gxf3 Qd5 44. Kg2 Kf7 45. Qc3 Kg7 46. Qa3 Kf7 47. Qa8 e4 48. f4 Qd1 49. Qxc6 Qf3+ 50. Kg1 {[#] Threatens to win with Qd5+.} Qd1+ 51. Kg2 Qf3+ 52. Kg1 {Weighted Error Value: White=0.12 (very precise) /Black=0.13 (very precise)} 1/2-1/2

[Event "MPL National Senior Chess-ch 2022"]
[Site "Kanpur"]
[Date "2022.02.25"]
[Round "2.12"]
[White "Ravi, Thandalam Shanmugam"]
[Black "Visakh N R"]
[Result "1/2-1/2"]
[WhiteElo "2236"]
[BlackElo "2522"]
[Annotator "TA"]
[PlyCount "131"]
[EventDate "2022.02.25"]
[EventCountry "IND"]
[SourceTitle "playchess.com"]
[Source "ChessBase"]
[SourceQuality "1"]

{[%evp 23,131,4,10,0,13,8,51,58,58,6,10,-12,-8,-7,-8,-18,0,-18,0,0,0,0,0,0,0,0,0,-17,0,0,0,0,0,-12,0,0,0,0,12,0,0,-70,-70,-70,-58,-67,-66,-95,-95,-95,-95,-95,-95,-95,-95,-122,-95,-424,-410,-392,-391,-472,-575,-583,-572,-568,-459,-424,-425,-426,-416,-631,-624,-593,-445,-380,-426,-291,-26,-26,0,-620,-603,-447,-8,-8,-8,-8,-8,-8,-8,-8,-8,-8,-8,-8,-8,-8,-8,-8,-8,-8,-8,-8,-8,-8,-8,-8,-8,-8]} 1. e4 e5 2. Nf3 Nc6 3. d4 exd4 4. Nxd4 Nf6 5. Nc3 Bb4 6. Nxc6 bxc6 7. Bd3 d5 8. exd5 cxd5 9. O-O O-O 10. Bg5 c6 11. Qf3 Be7 12. h3 h6 13. Bf4 {13.Bf4 is better than 13.Bh4. C47: Scotch Four Knights and Four Knights with 4 g3.} Nd7 14. Na4 Bf6 {[#]} (14... Nb6 $11 {might be stronger.} 15. Nxb6 axb6) 15. Rae1 $146 {White is slightly better.} ({Predecessor:} 15. c4 Ne5 16. Bxe5 Bxe5 17. Rac1 Be6 18. b3 Qd6 19. cxd5 cxd5 20. Nc5 Bd4 21. b4 {½-½ (59) Strange,M (2335)-Narciso Dublan,M (2551) Koge 2013}) 15... Nb6 16. Nc3 (16. Nc5 $1 $14) 16... Be6 $11 17. Be5 Bxe5 18. Rxe5 Nd7 19. Ree1 Nc5 20. b3 Re8 21. Ne2 Nxd3 22. Qxd3 Bd7 23. Nd4 Qa5 {[%csl LRa2,LRe1]} 24. Rxe8+ Rxe8 25. a4 Qb6 26. Nf3 Qb4 27. Rd1 Re4 28. Qd2 Qe7 29. Re1 c5 30. Rxe4 Qxe4 31. Qc3 Qe7 32. Qe5 (32. Ne1 $11) 32... Qxe5 $15 33. Nxe5 {[%mdl 4096] Endgame KB-KN} Bf5 34. c3 Bc2 35. Nd7 c4 ({Don't play} 35... Bxb3 $6 36. Nxc5 Ba2 37. f4 $11) 36. bxc4 Bxa4 37. Nc5 Bc6 38. cxd5 Bxd5 39. f3 f5 $1 40. f4 $2 {[%mdl 8192]} (40. Kf2 $17) 40... Kf7 $19 41. Kf2 Ke7 $1 42. g3 {[#]} Kd6 $1 43. Nd3 a5 {[%cal Ba7a5,Ba5a4][%mdl 32]} 44. Ke3 Bc4 45. Ne5 Kd5 46. Kd2 Bb5 47. h4 (47. Nf3 $142 Ke4 48. Ne5) 47... a4 48. Kc2 Be8 {White must now prevent ...Ke4.} 49. Kd3 Kc5 ({Stronger than} 49... a3 50. c4+ Kd6 51. Kc3 $17) 50. Kc2 {[#]} Bb5 $2 (50... Bh5 $1 $19 {[%cal Rh5e2] Black wants to play ...Be2.} 51. Kd2 a3) 51. Kb2 Kd5 {Hoping for ...Be8.} 52. Ka3 $2 {[%mdl 8192]} (52. Kc2 $11) 52... Be8 53. Kb4 g5 $2 ({Black should try} 53... Ke4 $19 54. c4 Kd4) 54. hxg5 $11 {The position is equal.} hxg5 55. c4+ Ke4 56. c5 gxf4 57. gxf4 Kxf4 58. Nc4 Bd7 59. Nd6 Bc6 60. Ka3 Ke5 {...f4 is the strong threat.} 61. Nxf5 Kxf5 62. Kb2 Ke4 63. Ka1 $1 Kd4 64. Kb2 Kd3 65. Ka1 Kc2 66. Ka2 {Weighted Error Value: White=0.33/Black=0.33} 1/2-1/2